Normal view
MARC view
Entry Personal Name
001 - CONTROL NUMBER
- control field: 1214001
003 - CONTROL NUMBER IDENTIFIER
- control field: OSt
005 - DATE AND TIME OF LATEST TRANSACTION
- control field: 20260324143007.0
008 - FIXED-LENGTH DATA ELEMENTS
- fixed length control field: 260324|| aca||aabn | a|a d
040 ## - CATALOGING SOURCE
- Original cataloging agency: OSt
- Transcribing agency: OSt
100 ## - HEADING--PERSONAL NAME
- Personal name: Jacques Buffle; Herman P. van Leeuwen; Garrison Sposito; John F McCarthy; C. Xhoffer; Rene Van Grieken; William Davison; Richard R. De Vitre; Peter Schurtenberger; Barry T. Hart; C.T. Johnston; W.L. Earl; Meredith E. Newman; Laurent Charlet; Alain Manceau; Ronald G. Beckett; Claude Deguelde; Charles R. O'Melia; Christine L. Tiller; George A. Jackson; Steve Lochmann
670 ## - SOURCE DATA FOUND
- Source citation: Work cat.: (OSt)1818851: Jacques Buffle; Herman P. van Leeuwen; Garrison Sposito; John F McCarthy; C. Xhoffer; Rene Van Grieken; William Davison; Richard R. De Vitre; Peter Schurtenberger; Barry T. Hart; C.T. Johnston; W.L. Earl; Meredith E. Newman; Laurent Charlet; Alain Manceau; Ronald G. Beckett; Claude Deguelde; Charles R. O'Melia; Christine L. Tiller; George A. Jackson; Steve Lochmann, Revival: Environmental Particles (1993)
